| 000 | 00744cab a2200229 4500 | ||
|---|---|---|---|
| 001 | WB3104-01 | ||
| 008 | 090401t1995 xxu||||| |||| 00| 0 eng d | ||
| 035 | _a(Sirsi) u74980 | ||
| 041 | _aeng | ||
| 245 | _aBuilding recovery finely balanced | ||
| 260 | _c1995 | ||
| 350 | _a0 | ||
| 490 |
_aFinancial Times _v24 January 1995, 10(1) |
||
| 520 | _aThe BEC survey of building firms in 4Q 1994 reveals a decline in the rate of recovery, and the BEC`s president warns government of a `delicate balance` between slow growth and recession. | ||
| 650 | _aBEC SURVEY | ||
| 650 | _aCONSTRUCTION MARKET | ||
| 650 | _aOUTPUT | ||
| 650 | _aSKILLS SHORTAGE | ||
| 690 | _aBUILDING AND CONSTRUCTION-ECONOMICS | ||
| 942 | _n0 | ||
| 948 | _c04/03/1997 | ||
| 999 |
_c47239 _d47239 |
||